Jeu des pays du monde (temps infini) - Statistiques

Statistiques générales
  • Ce quiz a été pris 833 fois
  • Le résultat moyen est 23 sur 196
Réponses sur la Carte
Les réponses sont colorées sur une échelle allant du rouge au vert en fonction du pourcentage des utilisateurs qui les ont devinées à leur premier essai. Vous pouvez retrouver ces pourcentages ci-dessous.
 
Statistiques - réponses
Country % Correct
France
70%
Canada
55%
United States
44%
Mexico
34%
Portugal
34%
Spain
29%
Italy
26%
Russia
25%
Brazil
24%
Germany
23%
United Kingdom
23%
China
22%
Algeria
20%
Argentina
20%
Australia
20%
Cuba
19%
India
19%
Belgium
18%
Colombia
18%
Egypt
18%
Finland
18%
Ireland
18%
Japan
18%
South Africa
18%
Madagascar
17%
Morocco
17%
Peru
17%
Chile
16%
Democratic Republic of the Congo
16%
Niger
16%
Norway
16%
Panama
16%
Poland
16%
Republic of the Congo
16%
Sweden
16%
Switzerland
16%
Tunisia
16%
Ukraine
16%
Austria
15%
Mali
15%
Mongolia
15%
Senegal
15%
Uruguay
15%
Bolivia
14%
Croatia
14%
Greece
14%
Haiti
14%
Iceland
14%
Indonesia
14%
Iran
14%
New Zealand
14%
North Korea
14%
Pakistan
14%
Paraguay
14%
South Korea
14%
Turkey
14%
Afghanistan
13%
Albania
13%
Denmark
13%
Israel
13%
Luxembourg
13%
Netherlands
13%
Nigeria
13%
Romania
13%
Thailand
13%
Venezuela
13%
Vietnam
13%
Costa Rica
12%
Estonia
12%
Guatemala
12%
Guinea
12%
Guyana
12%
Kazakhstan
12%
Kenya
12%
Libya
12%
Monaco
12%
Philippines
12%
Saudi Arabia
12%
Serbia
12%
Slovenia
12%
Somalia
12%
Yemen
12%
Angola
11%
Bangladesh
11%
Bulgaria
11%
Dominica
11%
Ecuador
11%
Ethiopia
11%
Honduras
11%
Iraq
11%
Jamaica
11%
Jordan
11%
Laos
11%
Montenegro
11%
Nepal
11%
Nicaragua
11%
Qatar
11%
Syria
11%
Togo
11%
Andorra
10%
Armenia
10%
Bahamas
10%
Belize
10%
Hungary
10%
Ivory Coast
10%
Kosovo
10%
Lebanon
10%
Malta
10%
Mauritania
10%
Oman
10%
Slovakia
10%
Sri Lanka
10%
Sudan
10%
Suriname
10%
Tanzania
10%
Zimbabwe
10%
Belarus
9%
Benin
9%
Bosnia and Herzegovina
9%
Burkina Faso
9%
Cyprus
9%
Czech Republic
9%
Georgia
9%
Ghana
9%
Latvia
9%
Liberia
9%
Malaysia
9%
Namibia
9%
North Macedonia
9%
South Sudan
9%
Taiwan
9%
United Arab Emirates
9%
Uzbekistan
9%
Vatican City
9%
Zambia
9%
Azerbaijan
8%
Cambodia
8%
Cameroon
8%
Chad
8%
Gabon
8%
Gambia
8%
Liechtenstein
8%
Lithuania
8%
Maldives
8%
Rwanda
8%
Turkmenistan
8%
Botswana
7%
Burundi
7%
Djibouti
7%
Dominican Republic
7%
El Salvador
7%
Eritrea
7%
Eswatini
7%
Guinea-Bissau
7%
Kyrgyzstan
7%
Lesotho
7%
Mozambique
7%
Myanmar
7%
Papua New Guinea
7%
San Marino
7%
Seychelles
7%
Sierra Leone
7%
Uganda
7%
Bhutan
6%
Cape Verde
6%
Central African Republic
6%
Equatorial Guinea
6%
Kuwait
6%
Malawi
6%
Mauritius
6%
Moldova
6%
Samoa
6%
Singapore
6%
Tajikistan
6%
Vanuatu
6%
Antigua and Barbuda
5%
Bahrain
5%
Barbados
5%
Brunei
5%
São Tomé and Príncipe
5%
Fiji
5%
Kiribati
5%
Nauru
5%
Tonga
5%
Trinidad and Tobago
5%
Tuvalu
5%
Comoros
4%
East Timor
4%
Grenada
4%
Marshall Islands
4%
Saint Lucia
4%
Federated States of Micronesia
3%
Palau
3%
Saint Kitts and Nevis
3%
Saint Vincent and the Grenadines
3%
Solomon Islands
2%
Aucun quiz correspondant
Distribution des résultats
% des personnes avec chaque résultat
Percentile par nombre de réponses
Votre historique - résultats
Vous n’avez pas pris ce quiz